Quizzes
Events
Quiz Creation
Community
Videos
Private Events
Remove Ads
Sign In
Join for FREE
Feedback
Dark Mode
Quiz Categories
Sports
Geography
Music
Movies
Television
Just For Fun
Miscellaneous
History
Literature
Language
Science
Gaming
Entertainment
Religion
Holiday
For Kids
Quiz Lab
Recent
Popular Today
Quiz Kudos Today
Editor Picks
Curator Picks
Quizzes by...
Day
Popularity
Type
Ratings
Length
Year
Community
Subscriptions
Recent Discussions
Orange Saloon
Badges
Playlists
Quests
Create
Leaderboards
Showdown
Live 5
Trivia Bingo
Activity
Puzzle Library
Sporcle Events
Private Events
Virtual Trivia
Globe League
Become a Host
Pub Owners
SporcleCon
Opinionation
Our Games
Videos
Blog
Mobile Apps
Partnerships
Remove Ads and Go Orange
Feedback
Sports
Athletes
MLB
NBA
NHL
NFL
Soccer
Sports Teams
WWE
NCAA
Football
Premier League
Basketball
Baseball
Hockey
Golf
Tennis
Cricket
Rugby
Auto Racing
Olympics
World Cup
Sports
Athletes
MLB
NBA
NHL
NFL
Soccer
Sports Teams
WWE
NCAA
Football
Premier League
Basketball
Baseball
Hockey
Golf
Tennis
Cricket
Rugby
Auto Racing
Olympics
World Cup
Random Quiz
Search Sporcle
×
Quiz Lab
Quiz Lab
Sports
Football
Type in answers that appear in a list
Type in answers that appear in a list
Classic
Best Score? Go Orange.
Jets Starting Roster 2010 Stats
Can you name the Jets Starting Roster 2010?
By
mutts213
5m
23 Questions
317 Plays
317 Plays
317 Plays
Comments
Comments
Give Quiz Kudos
Give Quiz Kudos
-
- Ratings
hide this ad
Random Order
Randomize order of answers
Randomize order of answers
Replay
Link that replays current quiz
Next Quiz
Link to next quiz in quiz playlist
You Got
0%
They Got
Avg Score
74%
Avg Friend Score
Upgrade to see
Score Distribution
Jump to the score distribution portion of the page
Score
0/23
Timer
05:00
0
Plays Today
position
player
% Correct
QB
Mark Sanchez
97.2%
RB
Shonn Greene
92.7%
CB
Darelle Revis
92.1%
WR
Braylon Edwards
91.2%
WR
Santonio Holmes
87.7%
C
Nick Mangold
87.1%
TE
Dustin Keller
86.8%
RB
Ladanian Tomlinson
86.1%
LT
D'brickshaw Ferguson
82%
CB
Antonio Cromartie
80.4%
MLB
Bart Scott
77.6%
MLB
David Harris
76%
position
player
% Correct
NT
Kris Jenkins
74.8%
DE
Shaun Ellis
72.2%
RT
Damien Woody
68.5%
OLB
Calvin Pace
64.7%
SS
Jim Leonhard
63.4%
OLB
Bryan Thomas
61.8%
RG
Brandon Moore
58.4%
DE
Jason Taylor
56.8%
FS
Brodney Pool
56.2%
LG
Matt Slauson
50.2%
WR
Jericho Cotchery
43.8%
Quiz Playlist
Details
Report
Send in Message
Add To Playlist
Classic:
Type in answers that appear in a list
Random Order:
Randomize order of answers
Last Updated: Feb 16, 2017
Quiz Scoreboard
CHALLENGE
Sign Up to Join the Scoreboard
Show All
Scores
Hide
Comments
May contain spoilers
Recently Published
Popular People in 1961
by mucciniale
History
6m
1-10 Letter E Words III
by El_Dandy
Language
2m
One Thing in Common: World Cities II
by knightlancer
Geography
7m
More to Explore
Quiz From the Vault
Featured Blog Post
Where Did the Easter Bunny Come From?
hide this ad
You Might Also Like...
Tags
Football Quiz
2010
New York Jets
Player
Roster
Starting
Today's Top Quizzes in Sports
Browse Sports
hide this ad
Today's Top Quizzes in Football
Browse Football
Top Contributed Quizzes in Sports
1
2022 World Cup Stars
2
FIFA Club World Cup Champions
3
MLB Players with Two .350 Batting Average Seasons
4
Les entraîneurs de l'OM et du PSG au 21e siècle
5
Pitchers With Multiple No-Hitters
6
NFL Resumes by Logo: Quarterbacks
7
MVPs in Order
8
Who Hit More Homers?
9
NCAA Basketball Top 7 in Coaching Wins
10
NFL Logic Puzzle
Explore More
Trending Topics
Kpop
Crossword
Anime
Disney
Harry Potter
NBA
Marvel
Puzzle
Pokémon
NFL
Country
The Office
WWE
Song
Soccer
hide this ad
More By:
mutts213
Quiz
Plays
Rating
Category
Featured
Created
Jets Starting Roster 2010
317
2.00
Sports
Jun 7, 2010
Go to Creator's Profile
Score Distribution
Quiz Creator Spotlight
mutts213
Follow
Send a Message
Quizzes Created
-
Created Quiz Play Count
-
More By This Creator
Popular Quizzes Today
1
Find the US States - No Outlines Minefield
2
Popular People in 1961
3
The Countries of the World
4
Find the US States
5
1-10 Letter E Words III
6
Find the Countries of Europe - No Outlines Minefield
7
US States
8
One Thing in Common: World Cities II
More Sports Quizzes
Chelsea Record Transfer Fees by Nation
Curator's Pick
Trending Quizzes
1-10 Letter F Words
Get the Picture: Chris Cornell Bands
Risky Map Clicking: States by Unique Starting Letters
Risky Map Clicking: Next State Alphabetically
1-10 Letter F Words II
Recently Updated
Reality TV Shows (A-Z)
bhenderson79
Rickey Henderson's Hall of Fame Teammates
pecheneg
Champions League XIs: Arsenal
pecheneg
Quick Pick: Celebrities in WWE's Hall of Fame
aduchscher
A-Z Keypad Blitz II
pecheneg
Multiple Oscar Actors
pecheneg
Mystery Phrase Blitz: Oscar 'Best Actors'
pecheneg
F. Scott Fitzgerald Novels
LTH
Pick 3 Villains
ddd62291
This, But Not That XII
gazzso
Trending Topics
Crossword
Anime
Kpop
Harry Potter
Marvel
NBA
Disney
NFL
Puzzle
Country
Pokémon
Soccer
Song
WWE
The Office
Your Account Isn't Verified!
In order to create a playlist on Sporcle, you need to verify the email address you used during registration. Go to your
Sporcle Settings
to finish the process.
Report this User
Report this user for behavior that violates our
Community Guidelines
.
Details:
Send Report
Go to the Sporcle.com Mobile Site →
Comments